Entretiens sur les plantes utiles à l'homme / (Record no. 159689)

MARC details
000 -LEADER
campo de control de longitud fija 00872nam a2200241 i 4500
001 - NÚMERO DE CONTROL
campo de control 159689
003 - IDENTIFICADOR DE NÚMERO DE CONTROL
campo de control ES-MaACL
005 - FECHA Y HORA DE LA ÚLTIMA TRANSACCIÓN
campo de control 20250814081111.0
008 - DATOS DE LONGITUD FIJA--INFORMACIÓN GENERAL
campo de control de longitud fija 040831s1838 fr |||| | fre d
080 ## - NÚMERO DE LA CLASIFICACIÓN DECIMAL UNIVERSAL
Número de la Clasificación Decimal Universal 581.6
100 1# - ENTRADA PRINCIPAL--NOMBRE DE PERSONA
Nombre de persona Millot, D.B.J.L.
9 (RLIN) 129931
245 10 - MENCIÓN DEL TÍTULO
Título Entretiens sur les plantes utiles à l'homme /
Mención de responsabilidad, etc. par D.B.J.L. Millot.
260 ## - PUBLICACIÓN, DISTRIBUCIÓN, ETC.
Lugar de publicación, distribución, etc. Paris ;
-- Strasbourg :
Nombre del editor, distribuidor, etc. chez F.G. Levrault,
Fecha de publicación, distribución, etc. 1838.
300 ## - DESCRIPCIÓN FÍSICA
Extensión 222, [2] p. ;
Dimensiones 14 cm.
490 1# - MENCIÓN DE SERIE
Mención de serie Maitre Pierre ou Le savant de village
490 1# - MENCIÓN DE SERIE
Mención de serie Bibliothèque de l'instruction populaire ;
Designación de volumen o secuencia 39
650 #7 - PUNTO DE ACCESO ADICIONAL DE MATERIA--TÉRMINO DE MATERIA
Término de materia o nombre geográfico como elemento de entrada Plantas
Fuente del encabezamiento o término embne
9 (RLIN) 146656
650 #7 - PUNTO DE ACCESO ADICIONAL DE MATERIA--TÉRMINO DE MATERIA
Término de materia o nombre geográfico como elemento de entrada Botánica agrícola
Fuente del encabezamiento o término embne
9 (RLIN) 150276
830 1# - PUNTO DE ACCESO ADICIONAL DE SERIE-TÍTULO UNIFORME
Título uniforme Maitre Pierre ou Le savant de village
9 (RLIN) 187710
830 1# - PUNTO DE ACCESO ADICIONAL DE SERIE-TÍTULO UNIFORME
Título uniforme Bibliothèque de l'instruction populaire ;
Designación de volumen o secuencia 39
9 (RLIN) 187711
852 4# - LOCALIZACIÓN
Ubicación ES-MaACL
Número de control de estantería D-5199(3)
Nota libre - Enc. hol.
Holdings
Estatus retirado Estado de pérdida Estado de daño No para préstamo Colección Biblioteca de origen Biblioteca actual Ubicación en estantería Fecha de adquisición Fuente de adquisición Total de préstamos Signatura topográfica completa Código de barras Visto por última vez Precio de reemplazo Tipo de ítem Koha
        Libros del s. XIX Biblioteca del Ateneo de Madrid Biblioteca del Ateneo de Madrid Sala Valle Inclán 17/01/2008     D-5199(3) 901167177 23/02/2023 23/02/2023 Libro impreso antiguo